Paris : Où se trouvent ces plus vieux endroits ? 1 - Statistiques

Statistiques générales
  • Ce quiz a été pris 6 fois
  • Le résultat moyen est 3 sur 20
Statistiques - réponses
Hint Explanation Réponse % Correct
Plus vieux musée Louvre / 1793 1er / Quai du Louvre
60%
Plus vieux marché des enfants rouges 3e / Rue de Bretagne
40%
Plus vieille maison Celle de Nicolas Flamel 1407 3e / Rue de Montmorency
20%
Plus vieux zoo Créé en 1794 5e / Rue Cuvier
20%
Plus vieil arbre 419 ans, c'est un robinier 5e / Square Viviani
20%
Plus vieille bibliothèque publique Mazarine ouverte en 1643 6e / Quai de Conti
20%
Plus vieux café 1686 6e / Rue de l'ancienne comédie
20%
Plus vieux monument Obélisque 8e / Place de la Concorde
20%
Plus vieux salon de thé Ladurée fondé en 1862 8e / Rue Royale
20%
Plus vieux terrain de basket YMCA 9e / Rue de Trévise
20%
Plus vieux parc Créé en 1564 1er / Place de la Concorde
0%
Plus vieux palace Fondée en 1835 1er / Rue de Rivoli
0%
Plus vieux passage couvert Créé en 1798 2e / Place du Caire
0%
Plus vieille pâtisserie Stohrer créée au XVIIIe 2e / Rue Montorgueil
0%
Plus ancienne place des Vosges 4e / Place des Vosges
0%
Plus vieux restaurant La Tour d'argent - 1582 5e / Quai de la Tournelle
0%
Plus vieil hôtel Fondé en 1846, hôtel Chopin 9e / Passage Jouffroy
0%
Plus vieux chocolatier A la mère de famille, fondé en 1761 9e / Rue du faubourg Montmartre
0%
Plus vieux trottoir celui du Pont neuf Sur la Seine
0%
Plus vieux pont Pont neuf achevé en 1607 Sur la Seine
0%
Aucun quiz correspondant
Distribution des résultats
% des personnes avec chaque résultat
Percentile par nombre de réponses
Votre historique - résultats
Vous n’avez pas pris ce quiz